000 00493nam a2200157 i 4500
001 83374
003 ES-MaACL
005 20230906174821.0
007 t|
008 041116s1974 sp ||||1| spa d
245 0 0 _aEstadística de protestos de letras de cambio
_b: año 1972 /
_cInstituto Nacional de Estadística.
260 _aMadrid :
_b[s.n.,
_c1974]
300 _a97 p. ;
_c27 cm.
710 2 _aInstituto Nacional de Estadística (España)
_95162
852 _aES-MaACL
_jC-56310
_bR.88975
999 _c83374
_d83374